Logo BPK

Biblioteka

Politechniki Koszalińskiej

Zmęczenie i mechanika pękania : (Rekord nr 38360)

Szczegóły MARC
000 -ETYKIETA REKORDU
podpole kontrolne o stałej długości 00866nam a2200229 i 4500
001 - NUMER KONTROLNY REKORDU
pole kontrolne bg
020 ## - MIĘDZYNARODOWY ZNORMALIZOWANY NUMER KSIĄŻKI - ISBN
ISBN 8387274674
040 ## - ŹRÓDŁO KATALOGOWANIA
Instytucja, która utworzyła rekord BPK
041 0# - KOD JĘZYKA
Kod języka tekstu pl
080 ## - UNIWERSALNA KLASYFIKACJA DZIESIĘTNA - UKD
UKD 620.17:539.3/.5](061)
920 ## - Międzynarodowy znormalizowany numer książki – ISBN
ISBN 83-87274-67-4
008 - POLE O STAŁEJ DŁUGOŚCI - DANE KONTROLNE
podpole kontrolne o stałej długości s pl f |000 0 pol
245 00 - TYTUŁ/ODPOWIEDZIALNOŚĆ
Tytuł Zmęczenie i mechanika pękania :
Ciąg dalszy tytułu materiały XVIII sympozjum nt. Zmęczenie materiałów i konstrukcji /
Pozostałe elementy strefy tytułu i oznaczenia odpowiedzialności Polska Akademia Nauk. Komitet Budowy Maszyn, Międzysekcyjny Zespół Zmęczenia i Mechaniki Pękania Materiałów i Konstrukcji.
260 ## - STREFA ADRESU WYDAWNICZEGO
Miejsce wydania Bydgoszcz :
Nazwa wydawcy/dystrybutora Wydawnictwa Uczelniane Akademii Techniczno-Rolniczej,
Data publikacji, dystrybucji/powstania dokumentu 2000.
300 ## - STREFA OPISU FIZYCZNEGO
Objętość 551 s. :
Inne cechy fizyczne il. ;
Rozmiary 24 cm.
504 ## - UWAGA DOTYCZĄCA BIBLIOGRAFII
Informacje o bibliografii Bibliogr. przy ref.
650 #9 - HASŁO PRZEDMIOTOWE W FORMIE NAZWY OGÓLNEJ LUB JEDNOSTKOWEJ
Nazwa ogólna lub geograficzna Pękanie
650 #9 - HASŁO PRZEDMIOTOWE W FORMIE NAZWY OGÓLNEJ LUB JEDNOSTKOWEJ
Nazwa ogólna lub geograficzna Wytrzymałość materiałów
655 ## - TERMIN INDEKSOWY - OKREŚLENIE RODZAJU/FORMY DOKUMENTU
Określenie rodzaju/formy dokumentu Materiały konferencyjne
710 #0 - HASŁO DODATKOWE - NAZWA CIAŁA ZBIOROWEGO
Nazwa ciała zbiorowego lub jednostki geograficznej Polska Akademia Nauk
Nazwa jednostki podrzędnej Komitet Budowy Maszyn
856 ## - LOKALIZACJA I DOSTĘP DO ELEKTRONICZNYCH DOKUMENTÓW ZDALNYCH
Link (URL) http://koha.tu.koszalin.pl/cgi-bin/koha/opac-detail.pl?biblionumber=38360
Tekst linku Katalog online BPK
942 ## - DODATKOWE ELEMENTY (KOHA)
Typ dokumentu Książka
Egzemplarze
Wycofany Status egzemplarza Uszkodzony Dostępność Lokalizacja stała Lokalizacja bieżąca Miejsce przechowywania Sygnatura Kod kreskowy Ostatnio wypożyczono Typ dokumentu
      Dostępny Biblioteka Politechniki Koszalińskiej Biblioteka Politechniki Koszalińskiej Wypożyczalnia BG 55848 01511758 28.10.2014 Książka
© 2023 Biblioteka Politechniki Koszalińskiej :: KOHA